| 000 | 00704cam a22002172 4500 | ||
|---|---|---|---|
| 001 | 0000002562 | ||
| 005 | 20151217155203.0 | ||
| 008 | 070413s xx 000 0 eng d | ||
| 020 |
_a0745950884 : _cKES 1,463 |
||
| 040 |
_aKABU _cKABU |
||
| 050 | 0 |
_aN7830 _b.D43 |
|
| 100 | 1 |
_aDe Borchgrave, Helen. _@0000151968 |
|
| 245 | 1 | 2 |
_aA Journey into Christian art / _cHelen de Borchgrave. |
| 260 |
_aOxford, England : _bLion Pub., _c1999. |
||
| 300 |
_a223 p. : _bcol. ill ; _c25 cm. |
||
| 504 | _aIncludes bibliographical references (p. 212-213) and index. | ||
| 650 | 0 |
_aChristian art and symbolism. _@0000085951 |
|
| 908 | _a070413 | ||
| 950 | _@1 | ||
| 999 |
_c11866 _d11866 |
||